Normal view MARC view

Entry Personal Name

Number of records used in: 1

001 - CONTROL NUMBER

  • control field: 66873

003 - CONTROL NUMBER IDENTIFIER

  • control field:

005 - DATE AND TIME OF LATEST TRANSACTION

  • control field: 20250723150602.0

008 - FIXED-LENGTH DATA ELEMENTS

  • fixed length control field: 250723|| aca||aabn | a|a d

040 ## - CATALOGING SOURCE

  • Original cataloging agency:
  • Transcribing agency:

100 ## - HEADING--PERSONAL NAME

  • Personal name: AMAEFULA, Nneoma Comfort

670 ## - SOURCE DATA FOUND

  • Source citation: Work cat.: ()32937: AMAEFULA, Nneoma Comfort aut, Gods finger on a man :, 2013

National Library of Nigeria OPAC is powered by Koha